000 00238nam a2200097Ia 4500
001 684552
005 20250826161459.0
008 250824s9999 xx 000 0 und d
245 0 _aSafahat 1
_cMehmet Akif Ersoy
260 _bDergah Yayınları
999 _c684552
_d684552